000 01572nam0a22003731 4500
001 RU\NLR\A1SV\35664
005 20260406092141.0
035 _a(NLR Aleph) 009718160
090 _a9863058
_c9863058
100 _a19801206d1925 u y0rusy50 ca
101 0 _arus
102 _aRU
135 _acrcn 024anaba
200 1 _aПохождения Коли и Мити
_fСтишки О.Гурьян
_gКартинки Е.Хомзе
210 _aМ.
_cГ.Ф.Мириманов
_d1925
215 _a[16] с.
_cил.
_d17 см
325 1 _aКопия доступна в электронной библиотеке РНБ
620 _dМосква
700 1 _4070
_8rus
_7ca
_aГурьян
_bО. М.
_cдет. писатель
_f1899-1974
_gОльга Марковна
_3RU\NLR\AUTH\7762785
_945715
702 1 _4070
_aХомзе
_bЕ. А.
_cхудожник-иллюстратор
_f1897-1955
_gЕкатерина Альбертовна
_9177512
_3RU\NLR\AUTH\770177563
801 0 _aRU
_bNLR
_c19801206
852 _aNLR
_j59/1845
856 0 _uhttp://vivaldi.nlr.ru/bx000008240/view
856 1 _uhttp://vivaldi.nlr.ru/bx000008240/cover
856 2 _uhttp://vivaldi.nlr.ru/bx000008240/text
899 _aРКП
899 _aРГБ
899 _aНБЛ КГУ
901 _eКнижные издания
942 _cBOOK
980 _aNB
980 _aA1SV
981 3 3 _a(33) Отечественная литература
_b(33) Книги для детей